| 000 | 00481nam a22001697a 4500 | ||
|---|---|---|---|
| 999 |
_c18580 _d18580 |
||
| 008 | 201105b xxu||||| |||| 00| 0 eng d | ||
| 020 | _a1260548007 | ||
| 050 |
_aQA76.6 _b.P74 2020 c.1 |
||
| 100 | _aPressman, Rodger S. | ||
| 245 |
_aSoftware Engineering _ba practitioner's approach _cRoger S. Pressman |
||
| 250 | _a9th ed. | ||
| 260 |
_aNew York _bMcGrawHill _c2020 |
||
| 300 | _axxix, 671p. | ||
| 650 | _aSoftware engineering | ||
| 700 | _aBruce R. Maxim | ||
| 942 |
_2lcc _cBK |
||